|
|
|
|
| LEADER |
01317nam a2200385 a 4500 |
| 001 |
000595934 |
| 003 |
CZ BrMZK |
| 005 |
20080429084337.0 |
| 007 |
ta |
| 008 |
020419s2001 xr g f cze d |
| 015 |
|
|
|a cnb001111824
|
| 020 |
|
|
|a 80-903009-0-1
|
| 035 |
|
|
|a (OCoLC)51192385
|
| 040 |
|
|
|a BOA001
|b cze
|
| 043 |
|
|
|a f-ua---
|
| 072 |
|
7 |
|a 821.162.3-3
|x Česká próza
|2 Konspekt
|9 25
|
| 072 |
|
7 |
|a 929
|x Biografie
|2 Konspekt
|9 8
|
| 080 |
|
|
|a 821.162.3-31
|2 MRF
|
| 080 |
|
|
|a 929.731-055.2
|2 MRF
|
| 080 |
|
|
|a 94(32)
|2 MRF
|
| 080 |
|
|
|a (0:82-311.6)
|2 MRF
|
| 100 |
1 |
|
|a Ledečová, Dagmar,
|d 1925-
|7 jn19990209474
|4 trl
|
| 245 |
1 |
0 |
|a Hatšepsovet :
|b (příběh egyptské vladařky) /
|c Dagmar Ledečová
|
| 250 |
|
|
|a 2. vyd.
|
| 260 |
|
|
|a Praha :
|b Sedistra,
|c 2001
|
| 300 |
|
|
|a 173 s. ;
|c 25 cm
|
| 504 |
|
|
|a Obsahuje bibliografii
|
| 600 |
0 |
7 |
|a Hatšepsut,
|c egyptská panovnice,
|d ca 1479-1457 př. Kr.
|7 jn20020619003
|2 czenas
|
| 650 |
0 |
7 |
|a panovnice
|7 ph123930
|z starověký Egypt
|2 czenas
|
| 655 |
|
7 |
|a české romány
|7 fd133974
|2 czenas
|
| 655 |
|
7 |
|a historické romány
|7 fd132414
|2 czenas
|
| 651 |
|
7 |
|a starověký Egypt
|7 ge146585
|x dějiny
|2 czenas
|
| 910 |
|
|
|a BOA001
|b 2-1101.389
|
| 990 |
|
|
|a BK
|
| 996 |
6 |
|
|b 2610160059
|c 2-1101.389
|l MZK
|r Sklad / do 1 hodiny
|n 4
|p p.v.
|w 000595934
|u 000010
|a 1
|e BOA001
|j MZK50
|s P
|